Study Of Light Engineering Industry In General Analysis Of The Design Requirements For Manufacturing Appliaces And A Design Proposal Of Home Appliance Industry In Pune Metropolitan Region (Record no. 363721)

MARC details
000 -LEADER
fixed length control field 00473nam a2200121Ia 4500
008 - FIXED-LENGTH DATA ELEMENTS--GENERAL INFORMATION
fixed length control field 250110s9999 xx 000 0 und d
041 ## - LANGUAGE CODE
Language code of text/sound track or separate title eng
100 ## - MAIN ENTRY--PERSONAL NAME
Personal name Pendse S
9 (RLIN) 182852
245 ## - TITLE STATEMENT
Title Study Of Light Engineering Industry In General Analysis Of The Design Requirements For Manufacturing Appliaces And A Design Proposal Of Home Appliance Industry In Pune Metropolitan Region
260 ## - PUBLICATION, DISTRIBUTION, ETC. (IMPRINT)
Name of publisher, distributor, etc. BNCA M Arch EA, Mumbai
Date of publication, distribution, etc. 1978
300 ## - PHYSICAL DESCRIPTION
Extent 219p
700 ## - ADDED ENTRY--PERSONAL NAME
Personal name Guide Name:BNCA
9 (RLIN) 210529
Holdings
Withdrawn status Lost status Damaged status Not for loan Home library Current library Date acquired Total Checkouts Barcode Date last seen Bill Date Koha item type Original Barcode
        Dr. Bhanuben Nanavati College of Architecture Dr. Bhanuben Nanavati College of Architecture 28/01/2016   BNCA-PR-1221 10/01/2025 10/01/2025 Project Reports PR1221